[Event "Benidorm op U2300 16th"]
[Site "Benidorm"]
[Date "2017.12.08"]
[Round "9"]
[White "Fernandez Barrera, Victor"]
[Black "Segarra Martinez, Axel"]
[Result "1-0"]
[WhiteElo "2300"]
[BlackElo "2176"]
[PlyCount "95"]
[EventDate "2017.12.01"]
[EventType "swiss"]
[EventRounds "10"]
[EventCountry "ESP"]
[SourceTitle "EXT 2019"]
[Source "ChessBase"]
[SourceDate "2018.10.10"]
[SourceVersion "1"]
[SourceVersionDate "2018.10.10"]
[SourceQuality "1"]

1. c4 e5 2. Nc3 Nf6 3. g3 d5 4. cxd5 Nxd5 5. Bg2 Ne7 6. Nf3 Nbc6 7. d3 g6 8. Bg5 Bg7 9. Ne4 f5 10. Nc3 Be6 11. 0-0 h6 12. Be3 0-0 13. Rc1 Qd7 14. Bc5 Rad8 15. Qa4 b6 16. Ba3 a6 17. Bxe7 Nxe7 18. Qxa6 Ra8 19. Qb5 Qxb5 20. Nxb5 Rxa2 21. Rxc7 Nd5 22. Rc2 Ra5 23. Nd6 Nb4 24. Rc7 e4 25. dxe4 fxe4 26. Nxe4 Bxb2 27. Rb7 Nd5 28. Nd6 Ra6 29. e4 Nc3 30. Nd4 Ba2 31. Nc6 Ne2+ 32. Kh1 Rf6 33. e5 Bxe5 34. Ne8 Re6 35. Nc7 Bxc7 36. Rxc7 Ra4 37. Rd1 Nd4 38. Nxd4 Rd6 39. Re1 Bf7 40. Nf3 Ra5 41. h4 Rf6 42. Kg1 Ra2 43. Rd1 b5 44. Rd8+ Kg7 45. Rdd7 Kg8 46. Ne5 Rfxf2 47. Rxf7 Rxg2+ 48. Kf1 1-0

[Event "Benidorm op U2300 16th"]
[Site "Benidorm"]
[Date "2017.12.03"]
[Round "3"]
[White "Gromovs, Sergejs"]
[Black "Segarra Martinez, Axel"]
[Result "1-0"]
[WhiteElo "2257"]
[BlackElo "2176"]
[PlyCount "75"]
[EventDate "2017.12.01"]
[EventType "swiss"]
[EventRounds "10"]
[EventCountry "ESP"]
[SourceTitle "EXT 2019"]
[Source "ChessBase"]
[SourceDate "2018.10.10"]
[SourceVersion "1"]
[SourceVersionDate "2018.10.10"]
[SourceQuality "1"]

1. d4 Nf6 2. Nf3 e6 3. c4 c5 4. d5 exd5 5. cxd5 d6 6. Nc3 g6 7. e4 Bg7 8. Bg5 h6 9. Bh4 a6 10. Nd2 0-0 11. a4 Re8 12. Be2 Nbd7 13. 0-0 Qc7 14. f4 Rb8 15. Kh1 Nh7 16. Bg3 f5 17. Bd3 Ndf6 18. e5 Ng4 19. Nc4 dxe5 20. fxe5 Bxe5 21. Nxe5 Nxe5 22. Qd2 Qg7 23. Rae1 Ng5 24. Qe3 Ngf7 25. Qxc5 Bd7 26. Bb1 b5 27. axb5 axb5 28. d6 Rbc8 29. Qa7 Ra8 30. Qc5 Rac8 31. Qb4 Rc4 32. Qa5 Rd4 33. Ba2 Rxd6 34. Nxb5 Rd3 35. Nc7 Nc6 36. Nxe8 Nxa5 37. Nxg7 Kxg7 38. Re7 1-0

[Event "Mislata op 51st"]
[Site "Mislata"]
[Date "2017.08.11"]
[Round "7"]
[White "Segarra Martinez, Axel"]
[Black "Cruz Lledo, Pablo"]
[Result "0-1"]
[WhiteElo "2150"]
[BlackElo "2439"]
[PlyCount "76"]
[EventDate "2017.08.07"]
[EventType "swiss"]
[EventRounds "9"]
[EventCountry "ESP"]
[SourceTitle "CBM 179 Extra"]
[Source "ChessBase"]
[SourceDate "2017.08.23"]
[SourceVersion "1"]
[SourceVersionDate "2017.08.23"]
[SourceQuality "1"]

1. e4 g6 2. d4 Bg7 3. Nc3 c6 4. Nf3 d5 5. Bd3 Bg4 6. 0-0 Nf6 7. e5 Nfd7 8. h3 Bxf3 9. Qxf3 e6 10. Ne2 c5 11. c3 Nc6 12. b3 0-0 13. Bb2 a6 14. Qe3 b5 15. Rac1 Re8 16. f4 c4 17. Bc2 Rc8 18. g4 f6 19. Qf2 a5 20. f5 exf5 21. e6 Nf8 22. gxf5 Ne7 23. Ba3 b4 24. cxb4 cxb3 25. axb3 Bh6 26. bxa5 Bxc1 27. Nxc1 gxf5 28. Bxe7 Rxe7 29. Bxf5 Qxa5 30. Nd3 Nxe6 31. Nf4 Nxf4 32. Bxc8 Ne2+ 33. Kh1 Qc3 34. Qg2+ Kh8 35. Rf2 Qc1+ 36. Kh2 Qc7+ 37. Kh1 Ng3+ 38. Kh2 Ne4+ 0-1

[Event "Mislata op 51st"]
[Site "Mislata"]
[Date "2017.08.08"]
[Round "3"]
[White "Segarra Martinez, Axel"]
[Black "Carmona Huertas, Juan Antonio"]
[Result "1-0"]
[WhiteElo "2150"]
[BlackElo "1832"]
[PlyCount "51"]
[EventDate "2017.08.07"]
[EventType "swiss"]
[EventRounds "9"]
[EventCountry "ESP"]
[SourceTitle "CBM 179 Extra"]
[Source "ChessBase"]
[SourceDate "2017.08.23"]
[SourceVersion "1"]
[SourceVersionDate "2017.08.23"]
[SourceQuality "1"]

1. e4 c5 2. Nf3 e6 3. d4 cxd4 4. Nxd4 a6 5. Nc3 Qc7 6. a3 Nf6 7. f4 d6 8. Be3 Be7 9. Bd3 Nbd7 10. g4 Nc5 11. g5 Nfd7 12. Qd2 Nxd3+ 13. cxd3 Nb8 14. 0-0-0 Nc6 15. Kb1 Bd7 16. Rc1 Rc8 17. Rhf1 Qa5 18. Nb3 Qd8 19. Qf2 Bf8 20. Bb6 Qe7 21. Nd5 exd5 22. exd5 Nd8 23. Rce1 Ba4 24. Rxe7+ Bxe7 25. Nd4 Kd7 26. Qe2 1-0

[Event "Provincial-ch Valencia"]
[Site "Valencia"]
[Date "2013.10.05"]
[Round "1"]
[White "Sanchez Saez, Francisco"]
[Black "Segarra Martinez, Axel"]
[Result "1-0"]
[WhiteElo "2270"]
[BlackElo "2048"]
[PlyCount "55"]
[EventDate "2013.10.05"]
[EventType "swiss"]
[EventRounds "7"]
[EventCountry "ESP"]
[SourceTitle "EXT 2024"]
[Source "ChessBase"]
[SourceDate "2023.10.10"]
[SourceVersion "1"]
[SourceVersionDate "2023.10.10"]
[SourceQuality "1"]

1. e4 e6 2. d4 d5 3. Nc3 Bb4 4. e5 c5 5. a3 Bxc3+ 6. bxc3 Qa5 7. Bd2 Qa4 8. Qg4 g6 9. Qd1 b6 10. c4 cxd4 11. cxd5 exd5 12. Qf3 Be6 13. Bd3 Nd7 14. Qf4 h6 15. h4 Ne7 16. Nf3 Nc6 17. 0-0 0-0-0 18. Rfb1 a6 19. Bb4 g5 20. hxg5 hxg5 21. Nxg5 Ndxe5 22. Be7 Nxe7 23. Nxe6 fxe6 24. Qxe5 Rh6 25. Rxb6 Nc6 26. Qg7 Rdh8 27. f3 Rh1+ 28. Kf2 1-0

[Event "Mislata op-B 20th"]
[Site "Mislata"]
[Date "2012.08.13"]
[Round "1"]
[White "Segarra Martinez, Axel"]
[Black "Rubio Trigueros, Jose Luis"]
[Result "1-0"]
[WhiteElo "2091"]
[BlackElo "1936"]
[PlyCount "45"]
[EventDate "2012.08.13"]
[EventType "swiss"]
[EventRounds "9"]
[EventCountry "ESP"]
[SourceTitle "EXT 2013"]
[Source "ChessBase"]
[SourceDate "2012.11.22"]
[SourceVersion "1"]
[SourceVersionDate "2012.11.22"]
[SourceQuality "1"]

1. e4 e5 2. Nf3 d6 3. d4 exd4 4. Nxd4 Nf6 5. Nc3 a6 6. Be3 c5 7. Nb3 Be6 8. f3 Be7 9. Qd2 0-0 10. 0-0-0 b5 11. Nd5 Nxd5 12. exd5 Bf5 13. g4 Bg6 14. h4 h6 15. g5 h5 16. Bd3 Nd7 17. Na5 Nb8 18. Bxg6 fxg6 19. Rhf1 Qc7 20. f4 Nd7 21. Nc6 Rae8 22. Qd3 Bd8 23. Qxg6 1-0

[Event "Manises Provincial-ch"]
[Site "Manises"]
[Date "2011.11.26"]
[Round "7"]
[White "Segarra Martinez, Axel"]
[Black "Martinez Lopez, Jaime"]
[Result "1-0"]
[WhiteElo "2109"]
[BlackElo "2105"]
[PlyCount "77"]
[EventDate "2011.10.01"]
[EventType "swiss"]
[EventRounds "7"]
[EventCountry "ESP"]
[SourceTitle "EXT 2013"]
[Source "ChessBase"]
[SourceDate "2012.11.22"]
[SourceVersion "1"]
[SourceVersionDate "2012.11.22"]
[SourceQuality "1"]

1. e4 e6 2. d4 d5 3. Nd2 h6 4. Bd3 c5 5. Ngf3 Nf6 6. e5 Nfd7 7. c3 Nc6 8. Bb1 g5 9. Nb3 b6 10. 0-0 Ba6 11. Be3 Bxf1 12. Qxf1 Qc7 13. a4 Be7 14. a5 c4 15. axb6 Qxb6 16. Nbd2 Qxb2 17. Ra6 Qb5 18. Ra2 a5 19. Bc2 Nb6 20. Qa1 Kd7 21. Nb1 a4 22. Bc1 Qa6 23. Ba3 Bxa3 24. Nxa3 Na5 25. h4 Nb3 26. Qe1 Rag8 27. Qe3 g4 28. Nh2 Ke8 29. h5 Rg5 30. Bd1 Rhg8 31. Qf4 g3 32. fxg3 Rxg3 33. Ng4 R3xg4 34. Bxg4 Rg5 35. Rf2 Qb7 36. Bxe6 Rg7 37. Qf6 fxe6 38. Qf8+ Kd7 39. Qd6+ 1-0

[Event "Manises Provincial-ch"]
[Site "Manises"]
[Date "2011.11.12"]
[Round "5"]
[White "Segarra Martinez, Axel"]
[Black "Ribes Peris, Alvaro"]
[Result "1/2-1/2"]
[WhiteElo "2109"]
[BlackElo "2137"]
[PlyCount "126"]
[EventDate "2011.10.01"]
[EventType "swiss"]
[EventRounds "7"]
[EventCountry "ESP"]
[SourceTitle "EXT 2013"]
[Source "ChessBase"]
[SourceDate "2012.11.22"]
[SourceVersion "1"]
[SourceVersionDate "2012.11.22"]
[SourceQuality "1"]

1. e4 Nf6 2. Nc3 d6 3. Bc4 e6 4. d4 Be7 5. Nf3 0-0 6. Bg5 b6 7. 0-0 Bb7 8. Re1 Nbd7 9. e5 Nd5 10. Nxd5 Bxg5 11. Nc3 dxe5 12. dxe5 Qe7 13. Ne4 Bf4 14. Qd4 Rfd8 15. Ng3 g5 16. Qc3 g4 17. Qd4 gxf3 18. Qxf4 Kh8 19. Rad1 Nf8 20. Nh5 Ng6 21. Qh6 Qf8 22. Qg5 Qe7 23. Nf6 Qf8 24. h4 h6 25. Qg3 Qg7 26. Bd3 Nxh4 27. Qxg7+ Kxg7 28. g3 Ng6 29. Nh5+ Kf8 30. Kh2 c5 31. g4 Rd4 32. Bxg6 fxg6 33. Rxd4 cxd4 34. Nf4 Kf7 35. Rd1 Rd8 36. Kg3 g5 37. Nd3 Rd5 38. Ne1 Rxe5 39. Rxd4 Ke7 40. Nxf3 Bxf3 41. Kxf3 Ra5 42. a3 Rc5 43. c4 a5 44. b4 Rc6 45. Ke4 Kf6 46. Kd3 axb4 47. axb4 Ke5 48. f3 Rc7 49. Rd8 Rf7 50. Ke3 Rf4 51. Rc8 Kd6 52. b5 Ke7 53. Rc6 Kd7 54. Ke2 Rd4 55. Rxb6 Rxc4 56. Rb7+ Kd6 57. b6 Rb4 58. Rb8 Kc6 59. Rh8 Rxb6 60. Rxh6 Kd5 61. Rg6 Ke5 62. Ke3 Rb3+ 63. Kf2 Kf4 1/2-1/2

[Event "Mislata op-B 45th"]
[Site "Mislata"]
[Date "2011.08.19"]
[Round "7"]
[White "Fernandez Soriano, Ruben"]
[Black "Segarra Martinez, Axel"]
[Result "0-1"]
[WhiteElo "2088"]
[BlackElo "2081"]
[PlyCount "164"]
[EventDate "2011.08.15"]
[EventType "swiss"]
[EventRounds "9"]
[EventCountry "ESP"]
[SourceTitle "EXT 2014"]
[Source "ChessBase"]
[SourceDate "2013.11.20"]
[SourceVersion "1"]
[SourceVersionDate "2013.11.20"]
[SourceQuality "1"]

1. Nf3 Nf6 2. d4 e6 3. Bg5 c5 4. c3 Qb6 5. Qb3 d5 6. Nbd2 Nc6 7. Qxb6 axb6 8. e3 Be7 9. a3 c4 10. Be2 h6 11. Bxf6 gxf6 12. e4 dxe4 13. Nxe4 f5 14. Ned2 b5 15. 0-0 0-0 16. a4 bxa4 17. Bxc4 Ra5 18. b4 axb3 19. Nxb3 Rxa1 20. Rxa1 Bd6 21. Bb5 Bd7 22. c4 Rc8 23. c5 Be7 24. Kf1 Kf8 25. Ke2 Ke8 26. Ke3 Bf6 27. Bxc6 Bxc6 28. Ra7 Bd5 29. Na5 Rb8 30. Ne5 Bxe5 31. dxe5 b6 32. cxb6 Rxb6 33. g3 Rb4 34. Rc7 Rb5 35. Nc6 Rc5 36. Rc8+ Kd7 37. Rf8 Kxc6 38. Rxf7 Rc4 39. Rh7 Re4+ 40. Kd2 Rxe5 41. Rxh6 Bf3 42. h3 Kd5 43. g4 fxg4 44. hxg4 Bxg4 45. Rh2 Re2+ 46. Kd3 Ra2 47. Ke3 e5 48. Rh4 Re2+ 49. Kd3 Re4 50. Rh8 Ra4 51. Rd8+ Ke6 52. Rf8 Bf5+ 53. Ke3 Re4+ 54. Kf3 Bg6 55. Kg3 Ke7 56. Rb8 Kf6 57. Rg8 Kg5 58. Rg7 Ra4 59. Rg8 Ra3+ 60. Kg2 Kf6 61. Rb8 Be4+ 62. Kh2 Bf3 63. Rf8+ Ke6 64. Re8+ Kd5 65. Rd8+ Kc4 66. Rd6 e4 67. Kg3 Be2+ 68. Kf4 Bf3 69. Kg3 Rd3 70. Rf6 Kc3 71. Rb6 Rd1 72. Kf4 Kd3 73. Kg3 Rg1+ 74. Kf4 Rg4+ 75. Kf5 Ke2 76. Rb2+ Kf1 77. Ra2 Rg2 78. Kf4 Rxf2 79. Ra7 Rd2 80. Rh7 Kf2 81. Rh3 Rd8 82. Rh2+ Bg2 0-1

[Event "Mislata op-B 45th"]
[Site "Mislata"]
[Date "2011.08.18"]
[Round "6"]
[White "Segarra Martinez, Axel"]
[Black "Remolar Gallen, Jose"]
[Result "1-0"]
[WhiteElo "2081"]
[BlackElo "2068"]
[PlyCount "65"]
[EventDate "2011.08.15"]
[EventType "swiss"]
[EventRounds "9"]
[EventCountry "ESP"]
[SourceTitle "EXT 2014"]
[Source "ChessBase"]
[SourceDate "2013.11.20"]
[SourceVersion "1"]
[SourceVersionDate "2013.11.20"]
[SourceQuality "1"]

1. e4 e6 2. d4 d5 3. Nd2 dxe4 4. Nxe4 Nd7 5. Bd3 Ngf6 6. Nf3 Nxe4 7. Bxe4 Nf6 8. Bd3 c5 9. 0-0 cxd4 10. Nxd4 Be7 11. Bg5 0-0 12. Re1 h6 13. Bh4 b6 14. Nc6 Qc7 15. Nxe7+ Qxe7 16. Be4 Rb8 17. Bg3 Nxe4 18. Bxb8 Bb7 19. Rxe4 Rxb8 20. Rd4 Qg5 21. Qg4 Qb5 22. b3 Rc8 23. c4 Qa5 24. Qe2 h5 25. Rad1 Qg5 26. f3 Rc5 27. Rd8+ Kh7 28. R8d7 Bc6 29. Rxf7 Re5 30. Qd3+ Kg8 31. Rc7 Be8 32. Rc8 Kf7 33. f4 1-0

[Event "Mislata op-B 45th"]
[Site "Mislata"]
[Date "2011.08.15"]
[Round "1"]
[White "Segarra Martinez, Axel"]
[Black "Garcia Cervera, Manuel Miguel"]
[Result "1-0"]
[WhiteElo "2081"]
[BlackElo "1907"]
[PlyCount "71"]
[EventDate "2011.08.15"]
[EventType "swiss"]
[EventRounds "9"]
[EventCountry "ESP"]
[SourceTitle "EXT 2014"]
[Source "ChessBase"]
[SourceDate "2013.11.20"]
[SourceVersion "1"]
[SourceVersionDate "2013.11.20"]
[SourceQuality "1"]

1. e4 e6 2. d4 d5 3. Nd2 Nf6 4. e5 Nfd7 5. Bd3 c5 6. c3 Nc6 7. Ne2 cxd4 8. cxd4 f6 9. exf6 Nxf6 10. Nf3 Bd6 11. 0-0 Qc7 12. Bg5 0-0 13. Bh4 Nh5 14. Qc2 h6 15. Bh7+ Kh8 16. Bg6 Rxf3 17. gxf3 Bxh2+ 18. Kh1 Nf4 19. Rad1 Qd6 20. Kxh2 Nxg6+ 21. Bg3 e5 22. Rfe1 Qf6 23. Qc3 Be6 24. dxe5 Ngxe5 25. f4 Ng4+ 26. Kg1 Qf7 27. Nd4 Nxd4 28. Qxd4 Nf6 29. Rc1 Ne4 30. Qe5 Re8 31. Rc7 Qg6 32. Re3 Bh3 33. Rxg7 Qxg7 34. Qxe8+ Kh7 35. Qe5 Qg4 36. Qxd5 1-0

[Event "Valenciana U18"]
[Site "Valenciana"]
[Date "2011.04.28"]
[Round "4"]
[White "Martinez Hernandez, Paula"]
[Black "Segarra Martinez, Axel"]
[Result "0-1"]
[WhiteElo "1678"]
[BlackElo "2068"]
[PlyCount "64"]
[EventDate "2011.04.27"]
[EventType "swiss"]
[EventRounds "7"]
[EventCountry "ESP"]
[SourceTitle "EXT 2024"]
[Source "ChessBase"]
[SourceDate "2023.10.10"]
[SourceVersion "1"]
[SourceVersionDate "2023.10.10"]
[SourceQuality "1"]

1. e4 e6 2. d4 d5 3. Bd3 c5 4. c3 Nf6 5. e5 Nfd7 6. Nd2 Nc6 7. Ne2 cxd4 8. cxd4 f6 9. f4 fxe5 10. fxe5 Nxd4 11. 0-0 Bc5 12. Kh1 Nxe5 13. Nxd4 Bxd4 14. Qa4+ Nc6 15. Bb5 Qb6 16. Nb3 Bf6 17. Na5 Bd7 18. Bd2 0-0 19. Nxc6 Bxc6 20. Bxc6 Qxc6 21. Qxc6 bxc6 22. Bc3 d4 23. Bd2 e5 24. Rac1 Rac8 25. Rfe1 Rfe8 26. Re4 Kf7 27. g3 Ke6 28. Kg2 Kd5 29. Kf3 Rf8 30. Ree1 Bg5+ 31. Ke2 Bxd2 32. Kxd2 c5 0-1

[Event "ESP-chT U16"]
[Site "Benidorm"]
[Date "2010.12.08"]
[Round "6"]
[White "Meneses Gonzalez, Kevin Moises"]
[Black "Segarra Martinez, Axel"]
[Result "1-0"]
[WhiteElo "2181"]
[BlackElo "2012"]
[PlyCount "85"]
[EventDate "2010.12.04"]
[EventType "team"]
[EventRounds "6"]
[EventCountry "ESP"]
[SourceTitle "EXT 2014"]
[Source "ChessBase"]
[SourceDate "2013.11.20"]
[SourceVersion "1"]
[SourceVersionDate "2013.11.20"]
[SourceQuality "1"]

1. e4 e6 2. d4 d5 3. Nc3 Bb4 4. e5 b6 5. a3 Bf8 6. Bb5+ c6 7. Ba4 Ne7 8. Nf3 Nf5 9. Bg5 Qc7 10. Ne2 h6 11. Bd2 Bd7 12. c3 c5 13. Bc2 Be7 14. Nf4 Qb7 15. Nh5 Kf8 16. g4 Nh4 17. Nxh4 Bxh4 18. 0-0 Nc6 19. Be3 Be7 20. f4 cxd4 21. cxd4 g6 22. Ng3 Na5 23. b3 Rc8 24. f5 g5 25. fxe6 Bxe6 26. Bf5 Ke8 27. Nh5 Rc3 28. Bd2 Rxb3 29. Qc2 Kd8 30. Bxe6 fxe6 31. Ng7 Qc6 32. Qg6 Nc4 33. Bb4 Bxb4 34. axb4 a5 35. Nxe6+ Kc8 36. Rf7 Kb8 37. Qg7 Re8 38. Nc7 Rc8 39. Ne6 Rc7 40. Nf8 Re3 41. e6 Qb7 42. b5 Ka7 43. Nd7 1-0

[Event "ESP-ch U16"]
[Site "Linares"]
[Date "2010.07.24"]
[Round "8"]
[White "Segarra Martinez, Axel"]
[Black "Nieto de la Cruz, Julio"]
[Result "1-0"]
[WhiteElo "1956"]
[BlackElo "2208"]
[PlyCount "129"]
[EventDate "2010.07.20"]
[EventType "swiss"]
[EventRounds "9"]
[EventCountry "ESP"]
[SourceTitle "CBM 137 Extra"]
[Source "ChessBase"]
[SourceDate "2010.09.01"]
[SourceVersion "1"]
[SourceVersionDate "2010.09.01"]
[SourceQuality "1"]

1. e4 g6 2. d4 Bg7 3. f4 d6 4. Nf3 Nd7 5. Be3 c5 6. Nc3 Ngf6 7. Be2 cxd4 8. Nxd4 0-0 9. 0-0 a6 10. Bf3 Nb6 11. Qd3 Nfd7 12. Nb3 Qc7 13. Rad1 Nf6 14. h3 Be6 15. Rf2 Nc4 16. Bc1 Rac8 17. a4 Rfe8 18. Nd4 Bd7 19. b3 Na5 20. Bb2 Nc6 21. Nxc6 Bxc6 22. Ba1 Qa5 23. Ne2 Red8 24. Nd4 Be8 25. Qd2 Qc5 26. c4 Qb6 27. a5 Qc7 28. Ne2 Bc6 29. Bd4 Nd7 30. Bxg7 Kxg7 31. Qc3+ Kg8 32. Nd4 Nb8 33. h4 b6 34. axb6 Qxb6 35. h5 Bd7 36. h6 e5 37. Nc2 Qc7 38. Rfd2 Nc6 39. Rxd6 Be6 40. fxe5 Re8 41. Ne3 Qa7 42. Kf1 Qe7 43. Ng4 Rf8 44. Nf6+ Kh8 45. c5 a5 46. Be2 Qa7 47. Nd7 Rfe8 48. Qf3 f5 49. exf6 Bf7 50. Bc4 Nd8 51. Nb6 Bxc4+ 52. bxc4 Nf7 53. Nxc8 Rxc8 54. R6d5 Qc7 55. Kg1 Kg8 56. Qg4 Rf8 57. e5 Nxe5 58. Qf4 Re8 59. Kh1 Qb8 60. Re1 Nf7 61. Qxb8 Rxb8 62. c6 Rc8 63. c7 Kf8 64. Re7 a4 65. Rdd7 1-0

[Event "Valencia Autonomico-ch U18"]
[Site "Valencia"]
[Date "2010.04.08"]
[Round "3"]
[White "Silva Rodriguez, Julio Jose"]
[Black "Segarra Martinez, Axel"]
[Result "1-0"]
[WhiteElo "2066"]
[BlackElo "1824"]
[PlyCount "115"]
[EventDate "2010.04.07"]
[EventType "swiss"]
[EventRounds "7"]
[EventCountry "ESP"]
[SourceTitle "EXT 2024"]
[Source "ChessBase"]
[SourceDate "2023.10.10"]
[SourceVersion "1"]
[SourceVersionDate "2023.10.10"]
[SourceQuality "1"]

1. e4 e6 2. d4 d5 3. Bd3 dxe4 4. Bxe4 Nf6 5. Bf3 c5 6. Ne2 Nc6 7. c3 cxd4 8. cxd4 Be7 9. 0-0 0-0 10. Nbc3 h6 11. Be3 Qd7 12. Qa4 Rd8 13. a3 Bf8 14. Rac1 Ne7 15. Qxd7 Bxd7 16. Nf4 Bc6 17. Be2 Ned5 18. Nd3 b6 19. Nxd5 Bxd5 20. f3 Rac8 21. Ne5 Bb7 22. Bc4 Nd5 23. Bf2 Be7 24. Rfe1 Bg5 25. Rcd1 Rc7 26. g3 Rdc8 27. f4 Bf6 28. Bd3 h5 29. f5 exf5 30. Bxf5 Re8 31. Nd7 Rxe1+ 32. Rxe1 g6 33. Nxf6+ Nxf6 34. Bd3 Kf8 35. Be3 Re7 36. Bh6+ Ke8 37. Rf1 Ne4 38. Bb5+ Kd8 39. Bf8 Rc7 40. d5 Ng5 41. h4 a6 42. hxg5 axb5 43. d6 Rd7 44. Be7+ Rxe7 45. dxe7+ Kxe7 46. Rf6 Bc8 47. Rxb6 Bd7 48. Kf2 Kd8 49. Ke3 Kc7 50. Ra6 Kb7 51. Rf6 Be6 52. Rxe6 fxe6 53. Ke4 Kc6 54. Ke5 Kd7 55. b3 Ke7 56. a4 bxa4 57. bxa4 Kd7 58. a5 1-0

[Event "Provincial-ch Valencia Primera"]
[Site "Valencia"]
[Date "2009.10.03"]
[Round "1"]
[White "Gomez Ibanez, David"]
[Black "Segarra Martinez, Axel"]
[Result "1-0"]
[WhiteElo "1781"]
[BlackElo "1787"]
[PlyCount "107"]
[EventDate "2009.10.03"]
[EventType "swiss"]
[EventRounds "7"]
[EventCountry "ESP"]
[SourceTitle "EXT 2024"]
[Source "ChessBase"]
[SourceDate "2023.10.10"]
[SourceVersion "1"]
[SourceVersionDate "2023.10.10"]
[SourceQuality "1"]

1. d4 Nf6 2. c4 g6 3. Nc3 d5 4. Nf3 Bg7 5. cxd5 Nxd5 6. e4 Nxc3 7. bxc3 c5 8. Be3 Nc6 9. Be2 Qa5 10. Qd2 cxd4 11. Nxd4 0-0 12. 0-0 Rd8 13. Rfd1 Bd7 14. Qb2 b6 15. Rac1 Rac8 16. f4 e5 17. fxe5 Nxe5 18. Bg5 Nc4 19. Bxc4 Qxg5 20. Bd5 Qe3+ 21. Kh1 Rf8 22. Re1 Qd3 23. Red1 Qa6 24. Rf1 Rc7 25. Rf3 Bc8 26. Rcf1 Bb7 27. Ne6 Bxd5 28. Nxc7 Qxa2 29. Qxa2 Bxa2 30. Ra1 Rc8 31. Nd5 Bxd5 32. exd5 a5 33. Rb1 Rxc3 34. Rxc3 Bxc3 35. Rxb6 Kf8 36. g3 h5 37. Kg2 Ke7 38. Kf3 Bd4 39. Ra6 Bc3 40. h3 Bb4 41. Ke4 Be1 42. g4 hxg4 43. hxg4 Bb4 44. Kd4 Bd2 45. Kc5 Bb4+ 46. Kc6 f5 47. gxf5 gxf5 48. Kc7 f4 49. d6+ Kf7 50. d7 Be7 51. Rxa5 Ke6 52. d8Q Bxd8+ 53. Kxd8 f3 54. Ra3 1-0